• 首页
  • 本馆介绍
  • 公告通知
  • 最新文献
  • 馆藏检索
  • 电子资源
  • 读者导购
  • 参考咨询
  • 我的图书馆
  • 登录
  • 详细信息显示
  • 放入我的书架
  • 预约/预借图书
  • 作者相关作品
  • 分类相关作品
  • 丛书相关作品
  • 出版社相关作品

书目信息

  • 表格格式
  • 工作单格式
  • 卡片格式
题名:
中国通史
    
 
作者: 卜宪群 总撰稿 ;中国社科院 撰稿
分册: 壹   从中华先祖到春秋战国
出版信息: 北京   华夏出版社  2016
页数: 22,316页
开本: 19cm
丛书名:
单 册:
中图分类: K20 , K225
科图分类:
主题词: 中国历史--zhong guo li shi , 古代史--gu dai shi--中国--春秋战国时代
电子资源:
ISBN: 978-7-5080-8662-0
000 01130nam0 22002771 450
001 0118172322
005 20170619154318.06
010    @a978-7-5080-8662-0@b精装@dCNY59.00
100    @a20160530d2016 em y0chiy50 ea
101 0  @achi
102    @aCN@b110000
105    @aa z 000yy
106    @ar
200 1  @a中国通史@Azhong guo tong shi@h壹@i从中华先祖到春秋战国@f卜宪群总撰稿@g中国社会科学院历史研究所撰稿
210    @a北京@c华夏出版社@d2016
215    @a22,316页@c图,照片@d19cm
330    @a本书主要讲述从中华先祖到春秋战国的历史,包括中华先祖、农业起源、文明起源、邦国时代、古史传说、夏王朝觅踪、殷商兴亡、商代文明、武王克商、周公摄政、周王室的衰落、春秋争霸、孔子、列国变法、战国七雄、诸子百家等内容。
517 1  @a从中华先祖到春秋战国@Acong zhong hua xian zu dao chun qiu zhan guo
606 0  @a中国历史@Azhong guo li shi
606 0  @a古代史@Agu dai shi@y中国@z春秋战国时代
690    @aK20@v5
690    @aK225@v5
701  0 @a卜宪群@Abo xian qun@f(1962~)@4总撰稿
712 02 @a中国社科院@Azhong guo she ke yuan@b历史研究所@4撰稿
801  0 @aCN@bTANGWEI@c20170615
905    @b1009359-64@dK20@e228:1@f6
    
    中国通史.壹.从中华先祖到春秋战国/卜宪群总撰稿/中国社会科学院历史研究所撰稿.-北京:华夏出版社,2016
    22,316页:图,照片;19cm
    
    
    ISBN 978-7-5080-8662-0(精装):CNY59.00
    本书主要讲述从中华先祖到春秋战国的历史,包括中华先祖、农业起源、文明起源、邦国时代、古史传说、夏王朝觅踪、殷商兴亡、商代文明、武王克商、周公摄政、周王室的衰落、春秋争霸、孔子、列国变法、战国七雄、诸子百家等内容。
●
相关链接 在E读中查询图书 在五车中查询图书 在当当中查询图书 在豆瓣中查询图书


正题名:中国通史     索取号:K20/228:1         预约/预借

序号 登录号 条形码 馆藏地/架位号 状态 备注
1 1009359   210093593   第二样本阅览室/ [索取号:K20/228:1] 在馆    
2 1009360   210093600   教育系资料室/ [索取号:K20/228:1] 在馆    
3 1009361   210093619   教育系资料室/ [索取号:K20/228:1] 在馆    
4 1009362   210093628   教育系资料室/ [索取号:K20/228:1] 在馆    
5 1009363   210093637   第二借阅区/ [索取号:K20/228:1] 在馆    
6 1009364   210093646   第二借阅区/ [索取号:K20/228:1] 在馆    
唐山师范学院图书馆 欢迎您!
大连网信软件有限公司© 版权所有